000 00675nam a2200241Ia 4500
003 GCL
008 140319s9999 xx 000 0 ara d
040 _aGCL /
_cGCL
082 0 4 _aط
_b793.8
_bو ح
100 1 _aمحمد العدنانى
245 1 0 _aالحيل والالعاب السحرية /
_cمحمد العدنانى
700 1 _aوستر, جيمس
260 _a[S.N] :
_bمكتبة لبنان
300 _a51 ص
490 _aسلسلة الهوايات
_v0
650 0 4 _aالاطفال
650 0 4 _aالسحر
650 0 4 _aالالعاب
650 0 4 _aالتسالى
650 0 4 _aاللعبة
650 0 4 _aورق اللعب
942 _2ddc
_cBK
999 _c32398
_d32398